[Event "Saint Louis Masters 2026"]
[Site "Saint Louis USA"]
[Date "2026.02.28"]
[Round "8.34"]
[White "Chirilov, James A"]
[Black "Paciorkowski, Lev"]
[Result "1-0"]
[WhiteTitle "FM"]
[WhiteElo "2264"]
[BlackElo "2315"]
[WhiteFideId "30976677"]
[BlackFideId "30904625"]
[EventDate "2026.02.25"]

1. Nf3 Nf6 2. g3 g6 3. b3 Bg7 4. Bb2 d5 5. c4 O-O 6. cxd5 Qxd5 7. Bg2 c5 8. O-O
Qh5 9. Re1 Bh3 10. Bh1 Nc6 11. d3 Rac8 12. Nbd2 Rfd8 13. Rc1 b5 14. Qc2 Nb4 15.
Qb1 Bh6 16. a3 Nbd5 17. b4 cxb4 18. Rxc8 Rxc8 19. axb4 Nc3 20. Bxc3 Rxc3 21. Qb2
Rc7 22. Bg2 Bxg2 23. Kxg2 Qd5 24. Nb3 Bg7 25. Qb1 Nd7 26. d4 Rc4 27. Na5 Rc7 28.
e4 Qd6 29. d5 Nb6 30. Rd1 Na4 31. Re1 e6 32. Qd3 a6 33. Qb3 Rc3 34. Qd1 exd5 35.
exd5 h6 36. Nb7 Qd7 37. d6 Qxb7 38. Re7 Nb2 39. d7 Bf8 40. d8=Q Qxe7 41. Qxe7
Nxd1 42. Qd7 Rxf3 43. Kxf3 Nb2 44. Qc6 Nd3 45. Qxa6 Nxb4 46. Qxb5 Nc2 47. Qd7
Nb4 48. Ke4 Na6 49. Qe8 Nc7 50. Qc8 Nb5 51. Ke5 Nd6 52. Qa8 Kg7 53. f4 h5 54.
Qxf8+ Kxf8 55. Kxd6 Ke8 56. f5 Kf8 57. f6 Ke8 58. Kc7 1-0

[Event "Saint Louis Masters 2026"]
[Site "Saint Louis USA"]
[Date "2026.03.01"]
[Round "9.1"]
[White "Sonis, Francesco"]
[Black "Caruana, Fabiano"]
[Result "1/2-1/2"]
[WhiteTitle "GM"]
[BlackTitle "GM"]
[WhiteElo "2561"]
[BlackElo "2795"]
[WhiteFideId "895733"]
[BlackFideId "2020009"]
[EventDate "2026.02.25"]

1. e4 c5 2. c3 d5 3. exd5 Qxd5 4. Nf3 Nf6 5. d4 e6 6. Bd3 Be7 7. O-O O-O 8. Qe2
cxd4 9. cxd4 Nc6 10. Rd1 Nb4 11. Nc3 Qd8 12. Bg5 Nxd3 13. Qxd3 h6 14. Bh4 b6 15.
d5 Nxd5 16. Bxe7 Qxe7 17. Nxd5 exd5 18. Qxd5 Be6 19. Qe5 Rad8 20. Nd4 Qd7 21.
Rd2 Qd6 22. Qxd6 Rxd6 23. a3 Rfd8 24. Rad1 g5 25. f3 Kh7 26. Kf2 Kg6 27. g3 a5
28. Nb3 Rxd2+ 29. Rxd2 Rxd2+ 30. Nxd2 Kf5 31. Ke3 Ke5 32. Kd3 b5 33. Kc3 f5 34.
Kd3 f4 35. gxf4+ Kxf4 36. Ke2 a4 37. Kf2 Bd5 38. Ke2 h5 39. Kf2 h4 40. Ke2 Bc4+
41. Nxc4 bxc4 42. Kf2 g4 43. fxg4 Kxg4 44. Kg2 Kf4 45. Kf2 h3 46. Ke2 Ke4 47.
Kd2 Kf3 48. Kd1 Ke3 49. Kc2 Kf2 50. Kd2 Kf3 51. Kd1 Ke3 1/2-1/2

[Event "Saint Louis Masters 2026"]
[Site "Saint Louis USA"]
[Date "2026.03.01"]
[Round "9.2"]
[White "Woodward, Andy"]
[Black "Antipov, Mikhail Al."]
[Result "0-1"]
[WhiteTitle "GM"]
[BlackTitle "GM"]
[WhiteElo "2608"]
[BlackElo "2591"]
[WhiteFideId "30953499"]
[BlackFideId "4107012"]
[EventDate "2026.02.25"]

1. d4 Nf6 2. c4 g6 3. Nf3 Bg7 4. g3 c6 5. Nc3 d5 6. Qb3 O-O 7. Bg2 Qb6 8. O-O
Rd8 9. cxd5 Qxb3 10. axb3 Nxd5 11. e4 Nb4 12. Bg5 Kf8 13. Rfd1 h6 14. Bf4 N8a6
15. d5 Bd7 16. Ne5 Be8 17. Nc4 g5 18. Bd2 Nc2 19. Ra5 Nab4 20. Na2 Nd3 21. Nc1
Nxc1 22. Bxc1 b5 23. Na3 Nd4 24. Be3 Nxb3 25. Ra6 cxd5 26. exd5 Rd6 27. Rxa7
Rxa7 28. Bxa7 Bxb2 29. Nc2 Ra6 30. Bb8 Bf6 31. d6 exd6 32. Bd5 Nc5 33. Nb4 Ra4
34. Nc6 Kg7 35. Rb1 Ne4 36. Re1 Bxc6 37. Bxc6 Nc3 38. Be8 Ra6 0-1

[Event "Saint Louis Masters 2026"]
[Site "Saint Louis USA"]
[Date "2026.03.01"]
[Round "9.3"]
[White "Lodici, Lorenzo"]
[Black "Kantor, Gergely"]
[Result "1-0"]
[WhiteTitle "GM"]
[BlackTitle "GM"]
[WhiteElo "2590"]
[BlackElo "2515"]
[WhiteFideId "884189"]
[BlackFideId "751499"]
[EventDate "2026.02.25"]

1. e4 e5 2. Nf3 Nc6 3. Bb5 a6 4. Ba4 Nf6 5. O-O Be7 6. Bxc6 dxc6 7. Qe2 Qd6 8.
d4 Bg4 9. Nbd2 Nd7 10. Nc4 Qe6 11. Ncxe5 Nxe5 12. dxe5 O-O-O 13. h3 Bxf3 14.
Qxf3 Qxe5 15. Qf4 Bd6 16. Qxe5 Bxe5 17. Re1 Rhe8 18. Kf1 c5 19. f4 Bf6 20. Kf2
Bd4+ 21. Kf3 c4 22. Rb1 f5 23. e5 Kd7 24. Be3 Ke6 25. Red1 Bxe3 26. Kxe3 h6 27.
b3 Rxd1 28. Rxd1 cxb3 29. cxb3 g5 30. a4 Rg8 31. g3 Re8 32. Rd4 Rg8 33. Rb4
gxf4+ 34. Kxf4 Rd8 35. Rxb7 Rd4+ 36. Ke3 c5 37. a5 Kxe5 38. Re7+ Kf6 39. Ra7 Rd6
40. Rc7 Re6+ 41. Kd3 Rd6+ 42. Kc4 Rd4+ 43. Kxc5 Rd3 44. Rc6+ Ke5 45. b4 Rxg3 46.
Rxa6 f4 47. Ra8 f3 48. Rf8 Rg5 49. a6 Ke4+ 50. Kb6 Rg6+ 51. Ka5 Rg5+ 52. b5 Rg1
53. a7 Ra1+ 54. Kb6 1-0

[Event "Saint Louis Masters 2026"]
[Site "Saint Louis USA"]
[Date "2026.03.01"]
[Round "9.4"]
[White "Hong, Andrew"]
[Black "Adewumi, Tanitoluwa"]
[Result "1/2-1/2"]
[WhiteTitle "GM"]
[BlackTitle "IM"]
[WhiteElo "2587"]
[BlackElo "2433"]
[WhiteFideId "2099438"]
[BlackFideId "30966396"]
[EventDate "2026.02.25"]

1. e4 e5 2. Nf3 Nc6 3. Bc4 Bc5 4. c3 Nf6 5. d3 d6 6. O-O a6 7. a4 Ba7 8. Re1 h6
9. Nbd2 Ng4 10. Re2 Ne7 11. d4 Ng6 12. h3 Nf6 13. Re1 O-O 14. Bb3 Re8 15. Bc2 b5
16. Nf1 Bb7 17. Ng3 c5 18. dxe5 dxe5 19. axb5 axb5 20. Qxd8 Rexd8 21. Be3 Bb6
22. b4 Nd7 23. Rxa8 Rxa8 24. Rd1 Bc6 25. Rd6 Rc8 26. Nf5 Kf8 27. Rd1 c4 1/2-1/2

[Event "Saint Louis Masters 2026"]
[Site "Saint Louis USA"]
[Date "2026.03.01"]
[Round "9.5"]
[White "Yip, Carissa"]
[Black "Bok, Benjamin"]
[Result "1-0"]
[WhiteTitle "IM"]
[BlackTitle "GM"]
[WhiteElo "2466"]
[BlackElo "2592"]
[WhiteFideId "2090732"]
[BlackFideId "1017063"]
[EventDate "2026.02.25"]

1. e4 c6 2. d4 d5 3. e5 Bf5 4. Be2 e6 5. Nf3 Nd7 6. Nbd2 h6 7. a4 a5 8. Nb3 Ne7
9. Bd2 Bg6 10. O-O b6 11. Rc1 Rc8 12. Ne1 Nf5 13. c4 dxc4 14. Bxc4 Be7 15. Nd3
O-O 16. Nf4 Bh7 17. Qe2 Bg5 18. Rfd1 Qe7 19. g3 Rcd8 20. h4 Bxf4 21. Bxf4 Nb8
22. h5 b5 23. axb5 a4 24. Na5 cxb5 25. Bd3 Qb4 26. Bd2 Qxb2 27. Bc3 Qxe2 28.
Bxe2 Rd5 29. g4 Nh4 30. Bb4 Re8 31. Kh2 g5 32. Bd6 Be4 33. Kg3 f5 34. f3 f4+ 35.
Kf2 Rxd6 36. exd6 Bd5 37. Rc7 b4 38. Rdc1 Rf8 39. Rc8 Nd7 40. Bb5 Nb6 41. d7
Nxd7 42. Bxd7 a3 43. Rxf8+ Kxf8 44. Bc6 Ba2 45. Ba4 Bd5 46. Bb3 Bxf3 47. Bxe6
Be4 48. d5 Nf3 49. d6 Ne5 50. Rc8+ Kg7 51. d7 Nxd7 52. Bxd7 Bd5 53. Ba4 Be6 54.
Rc7+ Kf6 55. Rc6 a2 56. Rxe6+ Kxe6 57. Bb3+ Ke5 58. Bxa2 1-0

[Event "Saint Louis Masters 2026"]
[Site "Saint Louis USA"]
[Date "2026.03.01"]
[Round "9.6"]
[White "Pranav, V"]
[Black "Can, Isik"]
[Result "1-0"]
[WhiteTitle "GM"]
[BlackTitle "GM"]
[WhiteElo "2641"]
[BlackElo "2562"]
[WhiteFideId "25060783"]
[BlackFideId "6383742"]
[EventDate "2026.02.25"]

1. e4 c5 2. Nf3 e6 3. d4 cxd4 4. Nxd4 a6 5. Bd3 Bc5 6. Nb3 Ba7 7. Qe2 Ne7 8. Nc3
O-O 9. Be3 Nbc6 10. O-O-O b5 11. Bxa7 Rxa7 12. e5 b4 13. Bxh7+ Kxh7 14. Qh5+ Kg8
15. Ne4 Ng6 16. Ng5 Re8 17. f4 Nce7 18. Nc5 d5 19. exd6 Nd5 20. Qh7+ Kf8 21.
Nce4 Qa5 22. h4 b3 23. a3 bxc2 24. Rxd5 exd5 25. h5 Rxe4 26. Nxe4 Ne7 27. h6 1-0

[Event "Saint Louis Masters 2026"]
[Site "Saint Louis USA"]
[Date "2026.03.01"]
[Round "9.7"]
[White "Bharath, Subramaniyam H"]
[Black "Aryan, Chopra"]
[Result "0-1"]
[WhiteTitle "GM"]
[BlackTitle "GM"]
[WhiteElo "2595"]
[BlackElo "2631"]
[WhiteFideId "46634827"]
[BlackFideId "5084423"]
[EventDate "2026.02.25"]

1. e4 e5 2. Nf3 Nf6 3. Nc3 Nc6 4. Bb5 Nd4 5. Bc4 Bc5 6. Nxe5 Qe7 7. Nf3 d5 8.
Nxd5 Qxe4+ 9. Ne3 Bg4 10. Be2 Nxe2 11. Qxe2 O-O-O 12. d3 Qe6 13. Ng5 Qc6 14.
Nxg4 Qxg2 15. Nxf6 Qxh1+ 16. Qf1 Qc6 17. Qh3+ Kb8 18. Nfe4 Rhe8 19. Bd2 h6 20.
Nf3 Bb4 21. Bxb4 Qxc2 22. Nd2 Rxd3 23. Qf5 Qxb2 24. Rb1 Qxa2 25. Kf1 Qd5 26.
Qxd5 Rxd5 27. Bc3 f5 28. Ng3 g5 29. Ne2 Red8 30. Ke1 f4 31. f3 Rd3 32. Rb4 Re8
33. Kf2 Rxe2+ 34. Kxe2 Rxc3 35. h4 c5 36. Ra4 b6 37. hxg5 hxg5 38. Ne4 Rc2+ 39.
Kd3 Rg2 40. Nd6 a5 41. Re4 Kc7 42. Re6 a4 43. Kc4 Kd7 44. Rg6 a3 45. Nb5 a2 46.
Rd6+ Ke7 47. Rd1 Rb2 48. Nc3 b5+ 49. Kxc5 b4 50. Nxa2 Rxa2 51. Kxb4 Rc2 52. Kb3
Rc8 53. Ra1 Kf6 54. Kb2 g4 55. fxg4 Kg5 56. Rg1 f3 57. Rg3 Rf8 0-1

[Event "Saint Louis Masters 2026"]
[Site "Saint Louis USA"]
[Date "2026.03.01"]
[Round "9.8"]
[White "Mishra, Abhimanyu"]
[Black "Stremavicius, Titas"]
[Result "1/2-1/2"]
[WhiteTitle "GM"]
[BlackTitle "GM"]
[WhiteElo "2629"]
[BlackElo "2547"]
[WhiteFideId "30920019"]
[BlackFideId "12804444"]
[EventDate "2026.02.25"]

1. d4 d5 2. c4 e6 3. Nc3 Nf6 4. cxd5 exd5 5. Bg5 Be7 6. e3 c6 7. Bd3 Nbd7 8. Nf3
h6 9. Bf4 Nh5 10. Be5 Nhf6 11. O-O O-O 12. h3 Nxe5 13. dxe5 Nd7 14. Bc2 Re8 15.
Qd3 Nf8 16. Nd4 a5 17. f4 Bc5 18. Rad1 Ba7 19. Rf3 Qh4 20. a3 Bd7 21. b4 Qe7 22.
Rb1 b5 23. Kh1 Bxd4 24. exd4 axb4 25. axb4 f5 26. Nd1 Ng6 27. Ne3 Rf8 28. g4 Nh4
29. Rg3 Kh8 30. g5 g6 31. gxh6 Qh7 32. Ng2 Nxg2 33. Rxg2 Qxh6 34. Rbg1 Rg8 35.
Rg5 Qh4 36. Qe3 Kh7 37. Kh2 Ra2 38. R1g2 Be6 39. R5g3 Rg7 40. Qc1 Rg8 41. Qd2
Rg7 42. Qe3 Rg8 43. Qc3 Qxf4 44. Qxc6 Ra3 45. Qxe6 Rxg3 46. Rxg3 Qf2+ 47. Rg2
Qf4+ 48. Rg3 Qf2+ 49. Rg2 Qf4+ 50. Kh1 Qf1+ 51. Kh2 Qf4+ 1/2-1/2

[Event "Saint Louis Masters 2026"]
[Site "Saint Louis USA"]
[Date "2026.03.01"]
[Round "9.9"]
[White "Putnam, Liam"]
[Black "Durarbayli, Vasif"]
[Result "1/2-1/2"]
[WhiteTitle "IM"]
[BlackTitle "GM"]
[WhiteElo "2485"]
[BlackElo "2612"]
[WhiteFideId "30938279"]
[BlackFideId "13402935"]
[EventDate "2026.02.25"]

1. e4 e6 2. d4 d5 3. e5 c5 4. c3 Nc6 5. Nf3 cxd4 6. cxd4 Nge7 7. Na3 Nf5 8. Nc2
f6 9. Bd3 fxe5 10. Bxf5 e4 11. Bxe4 dxe4 12. Ng5 Qa5+ 13. Bd2 Qf5 14. Qe2 e3 15.
Bxe3 Nb4 16. Nxb4 Bxb4+ 17. Bd2 Qxg5 18. Bxb4 Qxg2 19. O-O-O Qd5 20. Kb1 Bd7 21.
Rhg1 g6 22. h4 Bc6 23. Rde1 1/2-1/2

[Event "Saint Louis Masters 2026"]
[Site "Saint Louis USA"]
[Date "2026.03.01"]
[Round "9.10"]
[White "Oparin, Grigoriy"]
[Black "Atanasov, Anthony"]
[Result "1/2-1/2"]
[WhiteTitle "GM"]
[BlackTitle "IM"]
[WhiteElo "2658"]
[BlackElo "2441"]
[WhiteFideId "24125890"]
[BlackFideId "2623897"]
[EventDate "2026.02.25"]

1. e4 e5 2. d3 Nc6 3. Nc3 Bb4 4. Ne2 a6 5. a3 Bc5 6. g3 h5 7. h3 Qf6 8. f4 Nge7
9. Qd2 d6 10. Bg2 Ba7 11. Rf1 Bd7 12. b4 Qh6 13. fxe5 Qxd2+ 14. Kxd2 dxe5 15.
Bb2 f6 16. Nd5 O-O-O 17. c4 Be6 18. Bc3 Rd7 19. Kc2 Nd8 20. a4 c6 21. Nxe7+ Rxe7
22. b5 Rd7 23. Rab1 Bc5 24. Rb2 cxb5 25. axb5 b6 26. bxa6 Nc6 27. Ra1 Kb8 28.
Nc1 Ka7 29. Bf1 1/2-1/2

[Event "Saint Louis Masters 2026"]
[Site "Saint Louis USA"]
[Date "2026.03.01"]
[Round "9.11"]
[White "Shlyakhtenko, Robert"]
[Black "Quesada Perez, Yasser"]
[Result "0-1"]
[WhiteTitle "IM"]
[BlackTitle "GM"]
[WhiteElo "2453"]
[BlackElo "2562"]
[WhiteFideId "30936934"]
[BlackFideId "3509362"]
[EventDate "2026.02.25"]

1. e4 e5 2. Nc3 Nf6 3. d4 exd4 4. Qxd4 Nc6 5. Qd3 Bc5 6. Bf4 d6 7. O-O-O O-O 8.
f3 Be6 9. Qd2 a6 10. g4 b5 11. g5 Nh5 12. Be3 Bxe3 13. Qxe3 f6 14. Bh3 Bxh3 15.
Nxh3 fxg5 16. Nd5 h6 17. Rhg1 Ne7 18. Nxg5 Nxd5 19. Qb3 Nf4 20. Rxd5 Kh8 21. Rg4
Qe7 22. Rh4 Nxd5 23. Qxd5 c6 24. Qd2 Kg8 0-1

[Event "Saint Louis Masters 2026"]
[Site "Saint Louis USA"]
[Date "2026.03.01"]
[Round "9.12"]
[White "Akobian, Varuzhan"]
[Black "Raja, Harshit"]
[Result "1-0"]
[WhiteTitle "GM"]
[BlackTitle "GM"]
[WhiteElo "2549"]
[BlackElo "2472"]
[WhiteFideId "13300580"]
[BlackFideId "5089000"]
[EventDate "2026.02.25"]

1. d4 Nf6 2. c4 e6 3. Nf3 d5 4. Nc3 c6 5. e3 Nbd7 6. Qc2 Bd6 7. Be2 O-O 8. O-O
dxc4 9. Bxc4 b5 10. Be2 Bb7 11. Rd1 Qe7 12. e4 e5 13. dxe5 Nxe5 14. Nd4 g6 15.
f4 Bc5 16. fxe5 Qxe5 17. Be3 Rfd8 18. Qd3 Bb6 19. Bf2 b4 20. Na4 Nxe4 21. Nxb6
Nxf2 22. Kxf2 axb6 23. Qe3 Qf6+ 24. Nf3 Qxb2 25. Rxd8+ Rxd8 26. Qxb6 Rd7 27. Re1
Qc3 28. Rd1 Rxd1 29. Bxd1 Qb2+ 30. Be2 Qxa2 31. Qxb7 b3 32. Qc8+ Kg7 33. Qa6 1-0

[Event "Saint Louis Masters 2026"]
[Site "Saint Louis USA"]
[Date "2026.03.01"]
[Round "9.13"]
[White "Lu, Maximillian"]
[Black "Hardaway, Brewington"]
[Result "1/2-1/2"]
[WhiteTitle "IM"]
[BlackTitle "GM"]
[WhiteElo "2424"]
[BlackElo "2544"]
[WhiteFideId "2096242"]
[BlackFideId "30941849"]
[EventDate "2026.02.25"]

1. c4 e6 2. Nc3 d5 3. d4 Nf6 4. cxd5 exd5 5. Bg5 c6 6. e3 h6 7. Bh4 Be7 8. Bd3
O-O 9. h3 Re8 10. Bg3 c5 11. Nge2 a6 12. dxc5 Nc6 13. O-O Bxc5 14. Bh4 g5 15.
Bg3 d4 16. exd4 Nxd4 17. Nxd4 Bxd4 18. Qd2 Bd7 19. Rad1 Rc8 20. Bh7+ Nxh7 21.
Qxd4 Bc6 22. Bd6 Qf6 23. Bb4 Qxd4 24. Rxd4 Rcd8 25. Rxd8 Rxd8 26. Rd1 Rxd1+ 27.
Nxd1 Nf6 28. Ne3 Nd5 29. Nxd5 Bxd5 30. a3 f5 31. f4 Kf7 32. h4 gxh4 33. Be1 Kg6
34. Bxh4 Kh5 35. g3 Kg4 36. Kf2 Bc6 37. Be7 Bd5 38. Bh4 Bc6 39. Be7 h5 40. Bd8
Be4 41. Be7 Bb1 42. Bf6 Ba2 43. Bg5 Kh3 44. Bh4 Bg8 45. Bg5 Kh2 46. Bh4 Bd5 47.
Bg5 Kh1 1/2-1/2

[Event "Saint Louis Masters 2026"]
[Site "Saint Louis USA"]
[Date "2026.03.01"]
[Round "9.14"]
[White "Kadric, Denis"]
[Black "Budisavljevic, Luka"]
[Result "1-0"]
[WhiteTitle "GM"]
[BlackTitle "GM"]
[WhiteElo "2540"]
[BlackElo "2501"]
[WhiteFideId "14403803"]
[BlackFideId "960047"]
[EventDate "2026.02.25"]

1. e4 e6 2. Qe2 Be7 3. g3 d5 4. d3 Nf6 5. Bg2 O-O 6. Nf3 b5 7. O-O c5 8. a4 b4
9. c4 bxc3 10. bxc3 Nc6 11. Na3 a6 12. Bf4 Ra7 13. h4 Re8 14. e5 Nd7 15. h5 h6
16. Nc2 Bb7 17. Rfd1 Ba8 18. d4 Nf8 19. Ne3 cxd4 20. cxd4 Qd7 21. Ng4 Nh7 22.
Bf1 Rc8 23. Qd2 Nb4 24. Rab1 a5 25. Bxh6 gxh6 26. Qxh6 Qd8 27. Rxb4 Bf8 28. Qf4
axb4 29. Bd3 Bg7 30. Bxh7+ Kxh7 31. Ng5+ Kh8 32. h6 Bf8 33. Nf6 b3 34. Qf3 Qc7
35. Nd7 Bxh6 36. Qh5 Qxd7 37. Qxh6+ Kg8 38. Kg2 f6 39. exf6 Qh7 40. Nxh7 Rxh7
41. Qg6+ Kh8 42. Rh1 1-0

[Event "Saint Louis Masters 2026"]
[Site "Saint Louis USA"]
[Date "2026.03.01"]
[Round "9.15"]
[White "Mikaelyan, Arman"]
[Black "Matviishen, Viktor"]
[Result "1/2-1/2"]
[WhiteTitle "GM"]
[BlackTitle "GM"]
[WhiteElo "2494"]
[BlackElo "2533"]
[WhiteFideId "13304852"]
[BlackFideId "14129850"]
[EventDate "2026.02.25"]

1. d4 Nf6 2. c4 e6 3. Nf3 d5 4. Nc3 Be7 5. Bf4 O-O 6. a3 Nbd7 7. Nb5 Ne8 8. e3
dxc4 9. Bxc4 a6 10. Nc3 b5 11. Bd3 c5 12. d5 Nb6 13. dxe6 Bxe6 14. Qc2 h6 15.
Rd1 Qc8 16. Bh7+ Kh8 17. Be4 Ra7 18. Ne5 Bf6 19. O-O Bxe5 20. Bxe5 Nc4 21. Bg3
Nf6 22. Bd3 Rd7 23. Be2 Rfd8 24. Rxd7 Rxd7 25. Rd1 Rxd1+ 26. Nxd1 Qd7 27. f3 a5
28. Bf2 b4 29. e4 bxa3 30. bxa3 Nxa3 31. Qxc5 Qd2 32. Qe3 Qa2 33. h3 Bc4 34. Nc3
Qa1+ 35. Kh2 Bxe2 36. Nxe2 Qb2 37. Ng3 Nc4 38. Qc5 Ne5 39. Nf5 Kh7 40. Qd4 Qxd4
41. Bxd4 Nc4 42. Kg1 Ne8 43. Kf2 f6 44. Ke2 Ned6 45. Nxd6 Nxd6 46. Kd3 Kg6 47.
Bc5 Nf7 48. f4 f5 49. e5 Nd8 50. Kc4 Ne6 51. Be3 Kf7 52. Kb5 g5 53. g3 gxf4 54.
gxf4 Nf8 55. Kxa5 Ne6 56. Kb6 Ke8 57. Kc6 Ke7 58. Bd2 Nd4+ 59. Kd5 Ne6 60. Bc1
Nc7+ 61. Kc6 Ne6 62. Be3 Nd8+ 63. Kc7 Ne6+ 64. Kc8 Ke8 65. Kb7 Kd7 66. Kb6 Ke7
67. Kb5 Kd7 68. Kc4 Ke7 69. Kd3 Kf7 1/2-1/2

[Event "Saint Louis Masters 2026"]
[Site "Saint Louis USA"]
[Date "2026.03.01"]
[Round "9.16"]
[White "Kevlishvili, Robby"]
[Black "Bilovil, Bogdan"]
[Result "1/2-1/2"]
[WhiteTitle "GM"]
[BlackTitle "IM"]
[WhiteElo "2527"]
[BlackElo "2446"]
[WhiteFideId "1040634"]
[BlackFideId "14168766"]
[EventDate "2026.02.25"]

1. e4 e6 2. d4 d5 3. Nd2 c5 4. Ngf3 cxd4 5. Nxd4 Nc6 6. Bb5 Bd7 7. Nxc6 bxc6 8.
Bd3 Bd6 9. Qe2 e5 10. c4 d4 11. c5 Bxc5 12. O-O Nf6 13. Nc4 Qe7 14. f4 exf4 15.
Bxf4 Ng4 16. h3 Ne3 17. Nxe3 dxe3 18. Bxe3 Bxe3+ 19. Qxe3 O-O 20. Rac1 a5 21.
Rf2 Rfd8 22. a3 Rab8 23. Bf1 Re8 24. Rc5 Qxe4 25. Qxe4 Rxe4 26. Rxa5 Be6 27. Rc5
Bd5 28. b4 Rd4 29. Rfc2 Kf8 30. b5 cxb5 31. Bxb5 Bb3 32. R2c3 Ba4 33. Bc4 g6 34.
Bd5 Rb5 35. Rxb5 Bxb5 1/2-1/2

[Event "Saint Louis Masters 2026"]
[Site "Saint Louis USA"]
[Date "2026.03.01"]
[Round "9.17"]
[White "Fier, Alexandr"]
[Black "Celik, Hasan Huseyin"]
[Result "1-0"]
[WhiteTitle "GM"]
[BlackTitle "IM"]
[WhiteElo "2572"]
[BlackElo "2495"]
[WhiteFideId "2107139"]
[BlackFideId "44506759"]
[EventDate "2026.02.25"]

1. d4 Nf6 2. c4 e6 3. Nc3 Bb4 4. f3 c5 5. d5 b5 6. e4 d6 7. Bd2 Bxc3 8. Bxc3 b4
9. Bd2 O-O 10. Be3 exd5 11. cxd5 Nfd7 12. Nh3 f5 13. Nf4 Ne5 14. Ne6 Bxe6 15.
dxe6 Nbc6 16. f4 Ng4 17. Bc4 Kh8 18. Qf3 Nxe3 19. Qxe3 Nd4 20. O-O-O Qf6 21.
Rhe1 fxe4 22. Qxe4 Rfe8 23. g4 Rad8 24. g5 Qg6 25. Qxg6 hxg6 26. Rxd4 cxd4 27.
Bd3 Kh7 28. h4 Re7 29. h5 Kg8 30. Bxg6 Rc7+ 31. Kd2 Kf8 32. f5 Ke7 33. h6 Rdc8
34. hxg7 Rc2+ 35. Kd3 1-0

[Event "Saint Louis Masters 2026"]
[Site "Saint Louis USA"]
[Date "2026.03.01"]
[Round "9.18"]
[White "Park, Evan"]
[Black "Tiglon, Bryce"]
[Result "1-0"]
[WhiteTitle "IM"]
[BlackTitle "GM"]
[WhiteElo "2419"]
[BlackElo "2550"]
[WhiteFideId "30931142"]
[BlackFideId "2087456"]
[EventDate "2026.02.25"]

1. e4 e5 2. Nf3 Nc6 3. Bb5 Nge7 4. c3 d5 5. Nxe5 dxe4 6. d4 exd3 7. Qf3 Be6 8.
Nxc6 Nxc6 9. Bxc6+ bxc6 10. Qxc6+ Bd7 11. Qd5 Ba4 12. Qc4 Qd7 13. Bg5 Qc6 14.
Nd2 Qxc4 15. Nxc4 Bb5 16. b3 Bxc4 17. bxc4 Bc5 18. O-O-O Bxf2 19. Rxd3 O-O 20.
Rd7 f6 21. Bf4 Rae8 22. Rhd1 Re4 23. Bxc7 Rxc4 24. Kc2 Rc8 25. Rd8+ Rxd8 26.
Rxd8+ Kf7 27. Rd7+ Kg6 28. Bd6 Rg4 29. Bf8 Kh6 30. h3 Rg6 31. g4 Kg5 32. Rxg7
Rxg7 33. Bxg7 Kh4 34. Kd3 Kxh3 35. Ke2 Bg3 36. Kf3 Be5 37. g5 Bxc3 38. gxf6 h5
39. Bh8 Bb4 40. f7 Bf8 41. a4 Kh2 42. Be5+ Kh3 43. a5 a6 44. Bf6 h4 45. Bg5 Bb4
46. Bh6 Kh2 47. f8=Q Bxf8 48. Bxf8 h3 49. Bd6+ Kg1 50. Ke4 h2 51. Bxh2+ Kxh2 52.
Kd5 Kg3 53. Kc6 Kf4 54. Kb6 Ke5 55. Kxa6 Kd5 56. Kb7 1-0

[Event "Saint Louis Masters 2026"]
[Site "Saint Louis USA"]
[Date "2026.03.01"]
[Round "9.19"]
[White "Alexakis, Dimitris"]
[Black "Kacharava, Nikolozi"]
[Result "0-1"]
[WhiteTitle "GM"]
[BlackTitle "GM"]
[WhiteElo "2538"]
[BlackElo "2501"]
[WhiteFideId "4277023"]
[BlackFideId "13611860"]
[EventDate "2026.02.25"]

1. e4 c5 2. Nf3 d6 3. d4 cxd4 4. Nxd4 Nf6 5. f3 e5 6. Nb3 Be7 7. c4 a5 8. Be3
O-O 9. Nc3 Nc6 10. Be2 Nh5 11. Nd5 a4 12. Nd2 Nf4 13. O-O Bg5 14. Bb6 Qd7 15.
Nb1 Nd4 16. Bxd4 exd4 17. Nxf4 Bxf4 18. Qxd4 Qe6 19. g3 Qe5 20. Qxe5 Bxe5 21. a3
Bxb2 22. Ra2 Bd4+ 23. Kg2 g5 24. Rd1 Be5 25. Rc2 Be6 26. Nc3 f5 27. Nb5 fxe4 28.
fxe4 Rad8 29. Rcd2 Rf6 30. c5 Bb3 31. Rb1 d5 32. Bd1 Rc6 33. Bxb3 axb3 34. Rxb3
Rxc5 35. a4 d4 36. Rb4 d3 37. Kf3 Rc2 38. Rd1 h5 39. h3 Rh2 40. Rg1 Re2 0-1

[Event "Saint Louis Masters 2026"]
[Site "Saint Louis USA"]
[Date "2026.03.01"]
[Round "9.20"]
[White "Narayanan, Samrug"]
[Black "Harsha, Bharathakoti"]
[Result "1-0"]
[WhiteTitle "IM"]
[BlackTitle "GM"]
[WhiteElo "2438"]
[BlackElo "2538"]
[WhiteFideId "30914051"]
[BlackFideId "5078776"]
[EventDate "2026.02.25"]

1. e4 c5 2. Nf3 Nc6 3. d4 cxd4 4. Nxd4 Nf6 5. Nc3 d6 6. Bg5 e6 7. Qd3 Bd7 8.
O-O-O a6 9. f4 Be7 10. Nf3 Rc8 11. Kb1 Qa5 12. a3 O-O 13. Be2 Rfd8 14. Nd2 b5
15. Nb3 Qc7 16. Qg3 b4 17. axb4 Nxb4 18. Rd4 a5 19. Rhd1 Bc6 20. R1d2 Rb8 21. e5
dxe5 22. Bxf6 Bxf6 23. Rxd8+ Bxd8 24. fxe5 Qb6 25. Nd4 Be7 26. Bb5 Ba8 27. Qf4
Qc7 28. g3 h6 29. h4 Rd8 30. Nb3 Rxd2 31. Nxd2 Qb6 32. b3 Qg1+ 33. Kb2 Nd5 34.
Nxd5 Bxd5 35. Bd3 Bc5 36. Nc4 Qe1 37. h5 a4 38. Nd6 a3+ 39. Ka2 f5 40. exf6 Qc3
41. f7+ Kf8 42. Nc4 Bxc4 43. Qb8+ Kxf7 44. Bg6+ Kf6 45. Qf4+ Ke7 46. Qc7+ Kf6
47. Qf7+ Ke5 48. Qf4+ Kd5 49. Be4+ 1-0

[Event "Saint Louis Masters 2026"]
[Site "Saint Louis USA"]
[Date "2026.03.01"]
[Round "9.21"]
[White "Dudin, Gleb"]
[Black "Munkhdalai, Amilal"]
[Result "1-0"]
[WhiteTitle "GM"]
[BlackTitle "IM"]
[WhiteElo "2596"]
[BlackElo "2455"]
[WhiteFideId "34184934"]
[BlackFideId "4903250"]
[EventDate "2026.02.25"]

1. e4 c5 2. c3 d5 3. exd5 Qxd5 4. d4 Nc6 5. Nf3 cxd4 6. cxd4 e6 7. Nc3 Bb4 8.
Bd3 Nf6 9. O-O Qd8 10. a3 Be7 11. Re1 O-O 12. Bc2 b6 13. Qd3 Bb7 14. d5 exd5 15.
Bg5 Ne4 16. Nxe4 f5 17. Bxe7 fxe4 18. Rxe4 Rxf3 19. Qxf3 Nxe7 20. Re2 Nc6 21.
Rae1 Nd4 22. Bxh7+ Kxh7 23. Qh5+ Kg8 24. Re8+ Qxe8 25. Rxe8+ Rxe8 26. Qxe8+ Kh7
27. Qe7 1-0